| 000 | 00996nam1a2200313 i 4500 | ||
|---|---|---|---|
| 001 | RU\NLR\bibl\1846877 | ||
| 005 | 20241103041654.0 | ||
| 010 |
_a9785880172238 _93000 |
||
| 035 | _a(NLR Aleph) 001837303 | ||
| 090 |
_a2223243 _c2223243 |
||
| 100 | _a20111212d2011 u y0rusy50 ca | ||
| 101 | 0 | _achu | |
| 102 | _aRU | ||
| 105 | _a||||z ||||| | ||
| 200 | 1 | _aОктоих, сиречь Осмогласник | |
| 210 |
_aМосква _cИзд-во Московской Патриархии Русской Православной Церкви _d2011 |
||
| 215 | _d30 | ||
| 300 | _aЗагл. и текст на церковнославян. яз. | ||
| 463 | 0 | _10011821426 | |
| 463 | 0 | _10011820974 | |
| 606 |
_aОктоих _92072666 _3RU\NLR\AUTH\661247511 |
||
| 686 | _aЭ372.24-507.14 | ||
| 801 | 0 |
_aRU _bNLR _c20111212 _gRCR |
|
| 801 | 1 |
_aRU _bNLR _c20111212 |
|
| 852 |
_aNLR _j2011-8/2915 |
||
| 942 | _cBOOK | ||